Cities with the most skyscrapers outside of China - Statistics

General Stats
  • This quiz has been taken 62 times
  • The average score is 21 of 25
Answer Stats
No. skyscrapers Continent Answer % Correct
179 Asia Kuala Lumpur
96%
40 Europe London
96%
318 North America New York City
96%
115 Asia Bangkok
94%
263 Asia Dubai
94%
50 Europe Moscow
94%
98 Asia Singapore
94%
176 Asia Tokyo
94%
95 North America Toronto
94%
138 North America Chicago
92%
114 Asia Jakarta
92%
77 Oceania Melbourne
92%
54 Oceania Sydney
92%
84 Asia Seoul
90%
62 North America Miami
88%
102 Asia Mumbai
88%
56 Europe Istanbul
86%
45 Asia Osaka
86%
55 Asia Makati (Manila Area)
84%
44 Asia Abu Dhabi
82%
41 North America Houston
80%
52 Asia Doha
78%
77 Asia Busan
59%
67 North America Panama City
59%
50 Asia Incheon
24%
No matching quizzes found
Score Distribution
Percent of People with Each Score
Percentile by Number Answered
Your Score History
You have not taken this quiz